[Apertura pública de las sesiones de la] Diputación Provincial
Descripción Física:
20 p. ; 20 cm
MARC
| LEADER | 00000nam a2200000Ia 4500 | ||
|---|---|---|---|
| 001 | 17522 | ||
| 008 | 160829s1823 xx 000 0 cat d | ||
| 080 | |a RF-9-15 | ||
| 110 | 2 | |a Múrcia (Múrcia : Província). |b Diputación |9 55564 | |
| 245 | |a [Apertura pública de las sesiones de la] Diputación Provincial | ||
| 260 | |a Murcia : |b Imprenta de Mariano Bellido, |c 1823 | ||
| 300 | |a 20 p. ; |c 20 cm | ||
| 590 | |a Prové de 4663, exp. 4. | ||
| 650 | |a Diputacions provincials |x Història |x 1812/1985 |9 48835 | ||
| 856 | 4 | |u https://media.diba.cat/diba/fitxers/arxiu/fulletons/bib_17522_1823_baixa.pdf |y Accés lliure | |
| 856 | 4 | |u https://media.diba.cat/diba/fitxers/arxiu/fulletons/bib_17522_1823_baixa.pdf |y Accés lliure | |
| 901 | |a Arxiu | ||
| 942 | |n 1 |2 udc | ||
| 952 | |0 0 |1 0 |4 0 |6 RF915 |7 1 |9 54894 |a Arxiu |b Arxiu |d 2016-12-01 |l 0 |o RF-9-15 |p 17522 |r 2016-12-01 00:00:00 |w 2016-12-01 |y ARXIU | ||
| 999 | |c 58764 |d 58764 | ||
| 900 | |a bib_17522_1823_baixa.pdf | ||